Concerto no 2 for String Orchestra partitura - faksimile

Bibliographic Details
Main Author: Haluška, Milan (skl)
Format: Book
Language:Slovak
Published: Bratislava Hudobný fond 2001
Edition:1. vyd.
Subjects:

MARC

LEADER 00000nam a2200000 a 4500
001 vtls001438689
003 SK-MaSNL
005 20260331204558.0
008 160628sm y0 xo 0 slo
015 |a SNBH2003/02-00869 
035 |a SNK000393824 
040 |a SNK  |b slo  |c SNK  |e AACR2 
044 |a xo  |c SK 
072 7 |a 787  |x Hudba pre strunové a sláčikové nástroje  |2 konspekt 
080 |a 785.7  |2 1981 
080 |a 787.1/.4_  |2 1981 
080 |a 785.7:787.1/.4  |2 2. slo 
080 |a 787.1/.4  |2 2. slo 
100 1 |a Haluška, Milan  |4 skl  |9 283599 
245 1 |a Concerto no 2 for String Orchestra  |b partitura - faksimile  |h hudobnina  |c Milan Haluška 
246 1 0 |a Koncert pre sláčikový orchester č. 2 
246 1 1 |a Koncert pre sláčikový orchester č. 2 
250 |a 1. vyd. 
260 |a Bratislava  |b Hudobný fond  |c 2001 
300 |a 1 patitúra  |b (17 s.)  |c 30 cm 
500 |a 5 výt. 
650 0 7 |a koncerty (sláčikový orchester)  |2 SNK  |9 68322 
650 0 7 |a komorná tvorba  |x orchester sláčikový  |2 SNK  |9 464741 
650 0 7 |a komorná hudba  |2 SNK  |9 3431 
655 7 |a HHU  |2 SNK  |9 283804 
655 7 |a partitúry  |2 SNK  |9 70123 
655 7 |a sláčikový orchester  |2 SNK  |9 464742 
924 |a orchester sláčikový 
999 |c 728239  |d 730169 
952 |t P60, <03>, [BOOK], {603}  |a SNK  |b SNK  |y PREZ  |7 0  |p 17A0356494  |o snkHSB 3598  |i snkKSP 11205/2002  |0 0  |1 0  |4 0  |d 2002-09-12  |l 0  |r 2005-01-02 00:00:00  |w 2026-02-23